Paroles - Fond de bière - Philippe Tremblay - Statistiques

Statistiques générales
  • Ce quiz a été pris 5 fois
  • Le résultat moyen est 139 sur 241
Statistiques - réponses
Réponse % Correct
bière
100%
5,
67%
5
67%
à
67%
affaire
67%
arrière
67%
au
67%
aujourd'hui
67%
autre
67%
Avant
67%
bon
67%
bonheur
67%
bonne
67%
bord
67%
Ça
67%
ça
67%
café
67%
camp,
67%
C'est
67%
chantera
67%
Cinq
67%
dans
67%
Dans
67%
de
67%
d'en
67%
Des
67%
des
67%
dis
67%
d'la
67%
du
67%
D'un
67%
en
67%
encore
67%
envoyer
67%
et
67%
Et
67%
être
67%
fait
67%
feu
67%
fond
67%
heures
67%
histoires
67%
Il
67%
J'attends
67%
j'call
67%
J'me
67%
journée
67%
jusqu'au
67%
j'vis
67%
J'vis
67%
j'y
67%
kilomètres
67%
la
67%
l'air
67%
le
67%
Le
67%
lendemain
67%
Les
67%
les
67%
loin
67%
ma
67%
Mais
67%
meilleurs
67%
meilleurs,
67%
mer
67%
Moi
67%
mon
67%
m'prendrait
67%
naissent
67%
Nos
67%
nos
67%
off
67%
On
67%
partir
67%
pas
67%
pas,
67%
pieds
67%
Pis
67%
pis
67%
pour
67%
poussière
67%
Quand
67%
quand
67%
quart,
67%
que
67%
qu'la
67%
qu'on
67%
refrains,
67%
repartir
67%
repense,
67%
réveil
67%
sonne
67%
su'l
67%
Sur
67%
sur
67%
terre
67%
tout
67%
un
67%
Un
67%
va
67%
vie
67%
vieux
67%
7
33%
9
33%
acheter
33%
aller
33%
arriver
33%
bancaires
33%
bas,
33%
brasser
33%
bureau,
33%
cartes
33%
cent
33%
chose
33%
chums
33%
comme
33%
Comment
33%
côté
33%
coups
33%
crédit
33%
d'affaire
33%
déjà
33%
demi,
33%
deux
33%
écliptique
33%
est
33%
été
33%
faut
33%
frette
33%
grand
33%
hiver
33%
homme
33%
icitte ?
33%
j'ai
33%
j'aime
33%
J'attendrai
33%
jet-set
33%
j'fasse
33%
J'habite
33%
j'prenne
33%
j'rêve
33%
j'sais
33%
J'suis
33%
long
33%
l'trafic
33%
manquerait
33%
m'garde
33%
mieux
33%
m'prouver
33%
Non
33%
parties
33%
poche,
33%
pogné
33%
p't'être
33%
pu
33%
qui
33%
Qui
33%
regarder
33%
retard,
33%
retraite
33%
temps
33%
tour,
33%
trop
33%
une
33%
veux-tu
33%
v'là
33%
vrai
33%
Aucun quiz correspondant
Distribution des résultats
% des personnes avec chaque résultat
Percentile par nombre de réponses
Votre historique - résultats
Vous n’avez pas pris ce quiz